Journal of chemical education software; special issue 11 = Proton NMR basics

Gardado en:
Detalles Bibliográficos
Formato: Libro
Idioma:Undetermined
Publicado: Madison, WI Univ. of Wiscosin-Madison 1998
Những chủ đề:
Các nhãn: Engadir etiqueta
Sen Etiquetas, Sexa o primeiro en etiquetar este rexistro!
Thư viện lưu trữ: Trung tâm Học liệu Trường Đại học Cần Thơ
LEADER 00503nam a2200169Ia 4500
001 CTU_55042
008 210402s9999 xx 000 0 und d
020 |b 14350 
082 |a 541 
082 |b J86/sp11 
245 0 |a Journal of chemical education software; special issue 11 
245 0 |b = Proton NMR basics 
260 |a Madison, WI 
260 |b Univ. of Wiscosin-Madison 
260 |c 1998 
650 |a chemistry, physical and theoretical 
980 |a Trung tâm Học liệu Trường Đại học Cần Thơ